000 00581nam a22002297a 4500
999 _c11642
_d11642
001 11642
003 BD-JhCC
005 20221013134022.0
008 200713b2013 enka|||| ||a| 001 0 eng d
020 _a9780241293508
035 _a(BD-JhCC)11642
040 _aBD-JhCC
_dBD-JhCC
041 _aeng
082 _a032
_bBIG 2013
245 _aBig Book of Knowledge /
_c Editor: Sarah Philips
260 _a London:
_bDK;
_cDK 2013.
300 _a480 p. :
_c15 cm
650 _aChildren General Knowledge
700 _aPhilips, Sarah
942 _2ddc
_cBK
_02